| Tag |
First Indicator |
Second Indicator |
Subfields |
| LEADER |
00000cam a2200000 i 4500 |
| 001 |
in00004635333 |
| 006 |
m o d |
| 007 |
cr cn|---uuuuu |
| 008 |
180413s2017 ag ob 000 0 spa d |
| 005 |
20230103223436.4 |
| 035 |
|
|
|a (OCoLC)on1031278366
|
| 040 |
|
|
|a FUG
|b eng
|e rda
|c FUG
|d FUG
|d OCLCF
|d OCLCA
|d OCLCQ
|d JSTOR
|d OCLCO
|d EQF
|d LIP
|d RDF
|d LDP
|d UKBTH
|d HS0
|d OCLCO
|
| 019 |
|
|
|a 1294356740
|a 1294368916
|a 1294377310
|a 1294395270
|a 1294465165
|a 1294469581
|a 1301130683
|a 1301265343
|
| 020 |
|
|
|a 9789877222876
|q (electronic bk.)
|
| 020 |
|
|
|a 9877222876
|q (electronic bk.)
|
| 035 |
|
|
|a (OCoLC)1031278366
|z (OCoLC)1294356740
|z (OCoLC)1294368916
|z (OCoLC)1294377310
|z (OCoLC)1294395270
|z (OCoLC)1294465165
|z (OCoLC)1294469581
|z (OCoLC)1301130683
|z (OCoLC)1301265343
|
| 037 |
|
|
|a 22573/ctv252t291
|b JSTOR
|
| 043 |
|
|
|a s-ag---
|a cl-----
|
| 050 |
|
4 |
|a HT443.A7
|b G53 2017eb
|
| 080 |
|
|
|a 323.2
|
| 082 |
0 |
4 |
|a 307.7209482
|2 23
|
| 049 |
|
|
|a TXAM
|
| 100 |
1 |
|
|a Giarracca, Norma,
|e author.
|
| 245 |
1 |
0 |
|a Norma Giarracca :
|b estudios rurales y movimientos sociales, miradas desde el Sur, antología esencial /
|c selección, edición y prólogo a cargo de Miguel Teubal.
|
| 246 |
3 |
0 |
|a Estudios rurales y movimientos sociales :
|b miradas desde el Sur, antología esencial
|
| 250 |
|
|
|a Primera edición.
|
| 264 |
|
1 |
|a Ciudad de Buenos Aires, Argentina :
|b CLACSO,
|c 2017.
|
| 300 |
|
|
|a 1 online resource (1073 pages)
|
| 336 |
|
|
|a text
|b txt
|2 rdacontent
|
| 337 |
|
|
|a computer
|b c
|2 rdamedia
|
| 338 |
|
|
|a online resource
|b cr
|2 rdacarrier
|
| 490 |
1 |
|
|a Colección Antologías del pensamiento social latinoamericano y caribeño
|
| 504 |
|
|
|a Includes bibliographical references.
|
| 650 |
|
0 |
|a Sociology, Rural
|z Argentina.
|
| 650 |
|
0 |
|a Sociology, Rural
|z Latin America.
|
| 650 |
|
0 |
|a Agricultural industries
|z Argentina.
|
| 650 |
|
0 |
|a Agricultural industries
|z Latin America.
|
| 650 |
|
0 |
|a Social movements
|z Argentina.
|
| 650 |
|
0 |
|a Social movements
|z Latin America.
|
| 650 |
|
6 |
|a Sociologie rurale
|z Argentine.
|
| 650 |
|
6 |
|a Sociologie rurale
|z Amérique latine.
|
| 650 |
|
6 |
|a Industries agricoles
|z Argentine.
|
| 650 |
|
6 |
|a Industries agricoles
|z Amérique latine.
|
| 650 |
|
6 |
|a Mouvements sociaux
|z Argentine.
|
| 650 |
|
6 |
|a Mouvements sociaux
|z Amérique latine.
|
| 650 |
|
7 |
|a Agricultural industries.
|2 fast
|0 (OCoLC)fst00800842
|
| 650 |
|
7 |
|a Social movements.
|2 fast
|0 (OCoLC)fst01122657
|
| 650 |
|
7 |
|a Sociology, Rural.
|2 fast
|0 (OCoLC)fst01123947
|
| 651 |
|
7 |
|a Argentina.
|2 fast
|0 (OCoLC)fst01205614
|
| 651 |
|
7 |
|a Latin America.
|2 fast
|0 (OCoLC)fst01245945
|
| 655 |
|
7 |
|a Electronic books.
|2 local
|
| 700 |
1 |
|
|a Teubal, Miguel,
|e editor.
|
| 710 |
2 |
|
|a JSTOR (Organization)
|
| 830 |
|
0 |
|a Antologías del pensamiento social latinoamericano y caribeño.
|
| 856 |
4 |
0 |
|u https://www.jstor.org/stable/10.2307/j.ctv253f4p5
|z Connect to the full text of this electronic book
|t 0
|
| 955 |
|
|
|a JSTOR Open Access ebooks
|
| 994 |
|
|
|a 92
|b TXA
|
| 999 |
f |
f |
|s a893deab-4c2f-47b0-884b-aa645dbd2568
|i a6928bf2-2562-4420-a9b6-24b05ee86ce7
|t 0
|
| 952 |
f |
f |
|a Texas A&M University
|b College Station
|c Electronic Resources
|d Available Online
|t 0
|e HT443.A7 G53 2017eb
|h Library of Congress classification
|
| 998 |
f |
f |
|a HT443.A7 G53 2017eb
|t 0
|l Available Online
|